Statistics for Disney A-Z

Click here to take the quiz!

General Stats

  • This quiz has been taken 41,384 times
  • The average score is 19 of 25

Answer Stats

Clue Answer % Correct
AName of the Little MermaidAriel
98%
DElephant that can fly!Dumbo
98%
JAladdin's love interestJasmine
91%
PMickey's pet dogPluto
91%
BBibbidi, Bobbidi, ___Boo
91%
LStitch's BFFLilo
91%
MGirl who saved ChinaMulan
90%
HWord that comes before MatataHakuna
89%
SFood shared by Lady and the TrampSpaghetti
88%
ZHercules's dadZeus
85%
USea witch from "The Little Mermaid"Ursula
84%
EWinnie-the-Pooh's donkey friendEeyore
83%
OFunny snowmanOlaf
82%
KWalt Disney World park:
The Magic _______
Kingdom
80%
NHuey's relation to DonaldNephew
80%
RProtagonist of the movie "Tangled"Rapunzel
76%
FMovie featuring Mickey Mouse as
the sorcerer's apprentice
Fantasia
74%
QHunchback's nameQuasimodo
69%
CWhat Lumiere was transformed intoCandelabra
67%
GPinocchio's makerGepetto
64%
WType of animal that stampeded,
killing Mufasa
Wildebeest
56%
VAnimal such as Buzzie, Flaps, Ziggy,
and Dizzy from "The Jungle Book"
Vulture
52%
IEvil parrot voiced by
Gilbert Gottfried
Iago
48%
YAnimal to see on the
"Expedition Everest" roller coaster
Yeti
47%
TWord from "Bambi" meaning
love-struck
Twitterpated
14%

Score Distribution

Percentile by Number Answered

Percent of People with Each Score

Your Score History

You have not taken this quiz